Statistics for A or B: Similarly Shaped Countries

Click here to take the quiz!

General Stats

  • This quiz has been taken 87 times
  • The average score is 14 of 15

Answer Stats

QuestionAnswer% Correct
Mozambique?
99%
Czechia?
98%
Laos?
96%
Kosovo?
95%
Niger?
95%
Bolivia?
93%
Luxembourg?
93%
Central African Republic?
93%
Haiti?
93%
Colombia?
91%
Kuwait?
90%
Uruguay?
89%
Cambodia?
86%
El Salvador?
86%
Saint Lucia?
74%

Score Distribution

Percentile by Number Answered

Percent of People with Each Score

Your Score History

You have not taken this quiz